000 00378nam a2200145Ia 4500
008 240624s9999 xx 000 0 und d
041 _aeng
082 _a658.404 KER
100 _aKERZNER HAROLD
245 _aPROJECT MANAGEMENT A SYSTEMS APPROACH TO
250 _a(10th ed.)
260 _c2009
_aNew Delhi
_bWiley
300 _axxiv, : 1094 : p. : cm. ; 26
365 _cRS
_b33
999 _c24713
_d24713